[Event "10th EUR-ch (w)"]
[Site "Sankt Petersburg RUS"]
[Date "2009.03.12"]
[Round "5"]
[White "Manakova, Maria"]
[Black "Mednikova, Svetlana"]
[Result "1-0"]
[WhiteElo "2299"]
[BlackElo "2160"]
[EventDate "2009.03.08"]
[PlyCount "107"]

1.e4 e5 2.Nf3 Nc6 3.d4 exd4 4.Nxd4 Bc5 5.Nxc6 Qf6 6.Qf3 bxc6 7.Nc3 Qxf3 8.
gxf3 Nf6 9.Rg1 g6 10.Be3 Bxe3 11.fxe3 d6 12.O-O-O Be6 13.Be2 Ke7 14.f4 d5 
15.e5 Nd7 16.e4 Nb6 17.Bf3 Rad8 18.exd5 cxd5 19.Nb5 c6 20.Nd4 Rc8 21.Be2 
Nd7 22.Rg3 c5 23.Nb5 a6 24.Nd6 Rc6 25.Bf3 f6 26.Bxd5 Bxd5 27.Rxd5 fxe5 28.
fxe5 Ke6 29.c4 Nb6 30.Rd1 Rf8 31.Re3 Rc7 32.b3 Nd7 33.Ree1 Rb8 34.Kc2 Rf8 
35.h4 Rf4 36.h5 gxh5 37.Ne8 Rc6 38.Ng7+ Ke7 39.e6 Nf8 40.Rd8 Rf2+ 41.Kb1 
Nxe6 42.Re8+ Kf7 43.R8xe6 Rxe6 44.Nxe6 Rf5 45.Kc2 h4 46.Nc7 Rf2+ 47.Kd3 
Rxa2 48.Rh1 a5 49.Rxh4 Kg6 50.Ne6 a4 51.bxa4 Rxa4 52.Nxc5 Ra3+ 53.Kd4 h5 
54.Ne4 1-0

[Event "10th EUR-ch (w)"]
[Site "Sankt Petersburg RUS"]
[Date "2009.03.12"]
[Round "5"]
[White "Popova, Natalia"]
[Black "Cherednichenko, Elena"]
[Result "1/2-1/2"]
[WhiteElo "2266"]
[BlackElo "2161"]
[EventDate "2009.03.08"]
[PlyCount "94"]

1.e4 e5 2.Nf3 Nc6 3.Bb5 g6 4.O-O Bg7 5.c3 a6 6.Ba4 d6 7.d4 Bd7 8.Bb3 Nf6 
9.Nbd2 O-O 10.Re1 Nh5 11.Nc4 Bg4 12.dxe5 Nxe5 13.Ncxe5 dxe5 14.h3 Qxd1 15.
Rxd1 Bxf3 16.gxf3 Rad8 17.Bg5 Bf6 18.Be3 Rxd1+ 19.Rxd1 Rd8 20.Rxd8+ Bxd8 
21.Kf1 Bf6 22.Ke2 Nf4+ 23.Bxf4 exf4 24.Kd3 Kf8 25.a4 Ke7 26.Bc4 Bh4 27.Ke2
Bf6 28.a5 h6 29.Ba2 Kf8 30.Bd5 c6 31.Ba2 Ke7 32.Bc4 Be5 33.Kd3 Bb8 34.b4 
Ba7 35.Ke2 Bb8 36.Bb3 Bc7 37.Kd3 f6 38.Bc4 Bb8 39.Bg8 Ba7 40.Ke2 b6 41.Bc4
bxa5 42.bxa5 Bb8 43.Bxa6 Bc7 44.Bb7 Bxa5 45.Bxc6 Bxc3 46.Bd5 Bd4 47.Bc4 
Kd6 1/2-1/2

[Event "10th EUR-ch (w)"]
[Site "Sankt Petersburg RUS"]
[Date "2009.03.12"]
[Round "5"]
[White "Wagener, Anna"]
[Black "Azimova, Karina"]
[Result "1-0"]
[WhiteElo "2255"]
[BlackElo "1940"]
[EventDate "2009.03.08"]
[PlyCount "97"]

1.e4 e5 2.Nf3 d6 3.d4 exd4 4.Nxd4 Nf6 5.Nc3 Be7 6.g3 d5 7.e5 Ne4 8.Nxe4 
dxe4 9.Bg2 c5 10.Nb5 Qa5+ 11.Nc3 Nc6 12.Bf4 Bf5 13.O-O Rd8 14.Qc1 Nd4 15.
Kh1 Nf3 16.Qe3 Nd2 17.Rfd1 Nc4 18.Rxd8+ Bxd8 19.Qe2 Nxb2 20.Nxe4 O-O 21.
Nd6 Be6 22.Nxb7 Qc3 23.Qd2 Qxd2 24.Bxd2 Bb6 25.a4 Bf5 26.Nd6 Bd7 27.Bd5 c4
28.Nxf7 Rxf7 29.a5 Bd4 30.Re1 Bc8 31.Re4 c3 32.Rxd4 cxd2 33.Bxf7+ Kxf7 34.
Rxd2 Nc4 35.Rd8 Bb7+ 36.Kg1 Ke7 37.Rh8 h6 38.f4 Nxa5 39.Kf2 Nc4 40.Rb8 Bd5
41.Ke2 a5 42.Kd3 a4 43.Kd4 Be6 44.Rb7+ Kf8 45.f5 Bxf5 46.Kxc4 Bxc2 47.Ra7 
Bb3+ 48.Kc5 g6 49.Kd6 1-0

[Event "10th EUR-ch (w)"]
[Site "Sankt Petersburg RUS"]
[Date "2009.03.12"]
[Round "5"]
[White "Baciu, Diana"]
[Black "Tsatsalashvili, Keti"]
[Result "0-1"]
[WhiteElo "2107"]
[BlackElo "2231"]
[EventDate "2009.03.08"]
[PlyCount "140"]

1.e4 c5 2.Nf3 d6 3.d4 cxd4 4.Nxd4 Nf6 5.f3 e5 6.Nb3 d5 7.Bg5 Be6 8.Bxf6 
gxf6 9.exd5 Qxd5 10.Qxd5 Bxd5 11.Nc3 Be6 12.O-O-O Nd7 13.Nb5 Ke7 14.Na5 
Nc5 15.Kb1 Bh6 16.Be2 Rhd8 17.Nb3 Nxb3 18.axb3 Bf5 19.Bc4 Bd2 20.Nc3 Rac8 
21.Ne4 Ba5 22.Bd5 Rc7 23.Rd3 h5 24.Rhd1 b5 25.c3 Bb6 26.Bc4 Rg8 27.Bxb5 
Rxg2 28.R3d2 Rxd2 29.Rxd2 Bg6 30.Rd5 Rc5 31.Rd7+ Kf8 32.Bd3 Rc6 33.Kc2 Bf5
34.Rd5 Be6 35.Rd6 Rxd6 36.Nxd6 Bg1 37.Ne4 Bxh2 38.Nxf6 h4 39.Nh7+ Ke7 40.
Ng5 Bd7 41.Bf1 Bf4 42.Nh3 Bf5+ 43.Kd1 Be3 44.b4 Be6 45.c4 f5 46.b3 Kf6 47.
Ke2 Bd4 48.Kd3 Bb6 49.Bg2 Bc8 50.c5 Ba6+ 51.Ke3 Bd8 52.Nf2 Ke6 53.Kd2 Bg5+
54.Kc3 Be3 55.Nd3 Kd5 56.Bh3 e4 57.Ne1 Bf2 58.fxe4+ fxe4 59.Ng2 e3 60.Bf5 
Bb5 61.Bd3 Bd7 62.Nf4+ Ke5 63.Ng6+ Kf6 64.Nxh4 Bxh4 65.Kd4 Bf2 66.Kd5 Bg4 
67.c6 e2 68.Bxe2 Bxe2 69.c7 Bg4 70.Kc6 Bc8 0-1

[Event "10th EUR-ch (w)"]
[Site "Sankt Petersburg RUS"]
[Date "2009.03.12"]
[Round "5"]
[White "Alexeeva, Alena"]
[Black "Umudova, Nargiz"]
[Result "0-1"]
[WhiteElo "2039"]
[BlackElo "2227"]
[EventDate "2009.03.08"]
[PlyCount "66"]

1.e4 c5 2.Nc3 Nc6 3.d3 d6 4.g3 g6 5.Bg2 Bg7 6.Be3 e5 7.Qd2 Nge7 8.f4 O-O 
9.Nf3 exf4 10.Bxf4 d5 11.Bh6 d4 12.Bxg7 Kxg7 13.Nd1 f6 14.Nf2 Ne5 15.Nxe5 
fxe5 16.h4 Ng8 17.O-O-O h6 18.Rdf1 Be6 19.Bh3 Qd7 20.Bxe6 Qxe6 21.b3 Rf3 
22.Rfg1 a5 23.Qe2 Raf8 24.Rg2 a4 25.Kb2 Ne7 26.g4 Qa6 27.a3 Nc8 28.Rh3 
R3f7 29.Nd1 Nd6 30.c4 axb3 31.Kxb3 Ra8 32.Qa2 Qa4+ 33.Kb2 Qxd1 0-1

[Event "10th EUR-ch (w)"]
[Site "Sankt Petersburg RUS"]
[Date "2009.03.12"]
[Round "5"]
[White "Lelekova, Olga"]
[Black "Bezgodova, Maria"]
[Result "1-0"]
[WhiteElo "2222"]
[BlackElo "2101"]
[EventDate "2009.03.08"]
[PlyCount "99"]

1.e4 e5 2.Nf3 Nc6 3.Bb5 a6 4.Ba4 Nf6 5.O-O Be7 6.Re1 b5 7.Bb3 d6 8.h3 O-O 
9.c3 Na5 10.Bc2 c5 11.d4 Bb7 12.d5 Nc4 13.a4 Nb6 14.b3 Bc8 15.Qe2 Bd7 16.
c4 b4 17.Nbd2 Nh5 18.Nf1 g6 19.g4 Ng7 20.Bh6 f6 21.Ng3 Qe8 22.Kh2 Kh8 23.
Nd2 Qf7 24.f4 Rfe8 25.Rf1 Bf8 26.fxe5 Rxe5 27.Nf3 Ree8 28.Qf2 Be7 29.Qd2 
Qg8 30.a5 Nc8 31.g5 Rf8 32.Rae1 Na7 33.gxf6 Bxf6 34.e5 dxe5 35.Ne4 Bf5 36.
Nxc5 Rfe8 37.Bxg7+ Qxg7 38.Bxf5 gxf5 39.Rg1 Qc7 40.Ng5 e4+ 41.Kh1 Bc3 42.
Qd1 Qe7 43.d6 Qf6 44.Qh5 h6 45.Nd7 Qg7 46.Nf7+ Kh7 47.Qxf5+ Kg8 48.Rxg7+ 
Bxg7 49.Rg1 Rec8 50.Qg6 1-0

[Event "10th EUR-ch (w)"]
[Site "Sankt Petersburg RUS"]
[Date "2009.03.12"]
[Round "5"]
[White "Khropova, Larisa"]
[Black "Bezgodova, Svetlana"]
[Result "0-1"]
[WhiteElo "2060"]
[BlackElo "2214"]
[EventDate "2009.03.08"]
[PlyCount "126"]

1.d4 Nf6 2.c4 d6 3.Nc3 e5 4.Bg5 exd4 5.Qxd4 Be7 6.Nf3 Nc6 7.Qd2 Be6 8.e4 
h6 9.Bf4 g5 10.Bg3 Nh5 11.Be2 Nxg3 12.hxg3 g4 13.Nd4 Bg5 14.Qd1 Nxd4 15.
Qxd4 Qf6 16.Nb5 Kd7 17.Rd1 a6 18.Qxf6 Bxf6 19.Nd4 h5 20.Rd2 Rhg8 21.Kd1 
Rg5 22.Kc2 Re8 23.a3 Bxc4 24.Bxc4 Rxe4 25.Bxf7 Rc5+ 26.Kb1 Rxd4 27.Re2 c6 
28.Bxh5 Rb5 29.Bf7 Kc7 30.Rh7 Kb6 31.Be6 Ka7 32.Bc8 Rd3 33.Bxg4 Rdb3 34.
Rf7 Bxb2 35.Kc2 Bxa3 36.Rfe7 d5 37.Re8 d4 38.R2e5 Rc3+ 39.Kd1 Rb1+ 40.Ke2 
d3+ 41.Ke3 Bc5+ 42.Ke4 d2 43.Rd8 Rc4+ 44.Kf5 Bd4 45.Re4 c5 46.Be2 d1=Q 47.
Bxd1 Rxd1 48.g4 Rg1 49.g3 Rc2 50.f4 Rxg3 51.g5 Rh2 52.Rd7 Rh8 53.Ree7 Rf8+
54.Kg6 Rb3 55.f5 Rb6+ 56.f6 Bxf6 57.gxf6 Rfxf6+ 58.Kg5 Rf1 59.Rc7 Rb2 60.
Rxc5 Rg2+ 61.Kh6 Rh1+ 62.Rh5 Rxh5+ 63.Kxh5 a5 0-1

[Event "10th EUR-ch (w)"]
[Site "Sankt Petersburg RUS"]
[Date "2009.03.12"]
[Round "5"]
[White "Goriachkina, Alexandra"]
[Black "Korchagina, Viktoria"]
[Result "0-1"]
[WhiteElo "2020"]
[BlackElo "2187"]
[EventDate "2009.03.08"]
[PlyCount "112"]

1.f4 c5 2.Nf3 Nf6 3.g3 g6 4.Bg2 Bg7 5.d3 d6 6.e4 Nc6 7.Nc3 O-O 8.O-O Rb8 
9.h3 b5 10.Be3 Nd7 11.Qc1 a5 12.Rb1 Ba6 13.f5 b4 14.Nd5 Nd4 15.Nxd4 cxd4 
16.Bh6 Rc8 17.Bxg7 Kxg7 18.Qd2 Nf6 19.Nxf6 exf6 20.fxg6 fxg6 21.g4 Qe7 22.
h4 Rc5 23.Qf2 Qe5 24.g5 f5 25.Rbe1 f4 26.Bf3 Bc8 27.Qg2 a4 28.b3 a3 29.Bd1
Rc7 30.Rf3 Rcf7 31.Ref1 Bd7 32.R3f2 Qc5 33.Bg4 Bc8 34.Bxc8 Qxc8 35.Qh2 
Qg4+ 36.Rg2 Qc8 37.Rgf2 f3 38.Qg3 Rf4 39.Kh1 Rg4 40.Qh2 Rgf4 41.Qg3 Qg4 
42.Qxg4 Rxg4 43.Rh2 Rff4 44.Rh3 Rxh4 45.Kh2 Rxh3+ 46.Kxh3 h6 47.gxh6+ Kxh6
48.Kg3 Kg5 49.Rf2 Rg4+ 50.Kxf3 Rf4+ 51.Kg2 Rxf2+ 52.Kxf2 Kf4 53.Ke2 g5 54.
Kf2 g4 55.Kg2 g3 56.Kg1 Kf3 0-1

[Event "10th EUR-ch (w)"]
[Site "Sankt Petersburg RUS"]
[Date "2009.03.12"]
[Round "5"]
[White "Ni, Viktorija"]
[Black "Kluchik, Yulia"]
[Result "1-0"]
[WhiteElo "2150"]
[BlackElo "1953"]
[EventDate "2009.03.08"]
[PlyCount "79"]

1.d4 e6 2.c4 f5 3.g3 Nf6 4.Bg2 c6 5.Nh3 d5 6.cxd5 cxd5 7.Nd2 Nc6 8.e3 Be7 
9.Nf4 Bd7 10.O-O O-O 11.Nf3 Ne4 12.Nd3 Rc8 13.Bd2 Qb6 14.a4 Be8 15.a5 Qb5 
16.Nf4 Bf7 17.Re1 Nb4 18.Bf1 Qe8 19.Rc1 Rxc1 20.Qxc1 Qd8 21.Ne5 Na2 22.Qa1
Nxd2 23.Qxa2 Bb4 24.a6 bxa6 25.Qxa6 Qc8 26.Qxa7 Qc2 27.Nfd3 Ne4 28.Rc1 Qb3
29.Qb7 Nxf2 30.Qxb4 Qxb4 31.Nxb4 Ne4 32.Nbc6 Bh5 33.b4 g5 34.b5 f4 35.exf4
gxf4 36.g4 Be8 37.b6 Nd6 38.Ba6 f3 39.b7 f2+ 40.Kg2 1-0

[Event "10th EUR-ch (w)"]
[Site "Sankt Petersburg RUS"]
[Date "2009.03.12"]
[Round "5"]
[White "Rozhko, Maria"]
[Black "Stiazhkina, Anna"]
[Result "1-0"]
[WhiteElo "2134"]
[BlackElo "1926"]
[EventDate "2009.03.08"]
[PlyCount "89"]

1.d4 d5 2.c4 c6 3.cxd5 cxd5 4.Nf3 Nc6 5.Nc3 Nf6 6.Bf4 a6 7.Rc1 Bf5 8.e3 e6
9.Be2 Bd6 10.Bxd6 Qxd6 11.O-O O-O 12.Na4 Ne4 13.Nc5 b5 14.Nd2 Nxc5 15.Rxc5
Rac8 16.Nb3 Rc7 17.Qd2 Rfc8 18.Rfc1 Bg6 19.Qc3 f6 20.a3 e5 21.dxe5 fxe5 
22.Bg4 d4 23.exd4 exd4 24.Nxd4 Nxd4 25.Rxc7 Rd8 26.Rc8 Bf5 27.Rxd8+ Qxd8 
28.Rd1 Bxg4 29.Qxd4 Qc8 30.Qd8+ Kf7 31.Qxc8 Bxc8 32.Rd8 Be6 33.Ra8 Bc4 34.
Rxa6 h6 35.f4 Ke7 36.Kf2 Kf7 37.Ke3 Bd5 38.g3 Bc4 39.a4 bxa4 40.Rxa4 Bb5 
41.Rb4 Bc6 42.Rb6 Bd5 43.Kd4 Be6 44.Ke5 Bc8 45.b4 1-0

[Event "10th EUR-ch (w)"]
[Site "Sankt Petersburg RUS"]
[Date "2009.03.12"]
[Round "5"]
[White "Ryanova, Valeria"]
[Black "Della-Rossa, Anastasia"]
[Result "0-1"]
[WhiteElo "2113"]
[BlackElo "1868"]
[EventDate "2009.03.08"]
[PlyCount "126"]

1.e4 e5 2.Nf3 Nc6 3.d4 exd4 4.Nxd4 Qh4 5.Nc3 Bb4 6.Be2 Bxc3+ 7.bxc3 Qxe4 
8.Nb5 Kd8 9.O-O Nge7 10.Re1 d6 11.Ba3 Qd5 12.Bd3 a6 13.c4 Qg5 14.Nc3 Bg4 
15.Be2 Bxe2 16.Qxe2 Qe5 17.Qd3 Qd4 18.Qf3 Qxc4 19.Rad1 Qh4 20.Qxf7 Qf6 21.
Qb3 Na5 22.Qa4 Qxc3 23.Bb4 Qf6 24.Bxa5 Rf8 25.Qc4 Nc6 26.Bd2 Qxf2+ 27.Kh1 
Qf7 28.Bg5+ Kd7 29.Qg4+ Qf5 30.Qg3 Rae8 31.Be3 Qg6 32.Qh3+ Kd8 33.Qh4+ Kc8
34.c4 Qf6 35.Qg4+ Kb8 36.h3 Ne5 37.Qd4 Nc6 38.Qg4 Qg6 39.Qh4 Kc8 40.Bg5 h6
41.Bf4 Rxe1+ 42.Rxe1 Qf6 43.Qg4+ Kb8 44.Bg3 Qg5 45.Qxg5 hxg5 46.Kg1 Kc8 
47.Re6 Rf6 48.Re4 Kd7 49.Rg4 Rf5 50.h4 Na5 51.Bf2 Ke6 52.hxg5 g6 53.Be3 
Re5 54.Kf2 Nc6 55.Rh4 Rf5+ 56.Ke2 Ra5 57.Rh6 Rxa2+ 58.Kf1 Ne7 59.Bd4 Rc2 
60.c5 dxc5 61.Bf6 Rd2 62.Rh7 Nd5 63.Bd8 Ne3+ 0-1

[Event "10th EUR-ch (w)"]
[Site "Sankt Petersburg RUS"]
[Date "2009.03.12"]
[Round "5"]
[White "Khokhlova, Ekaterina"]
[Black "Makka, Evanthia"]
[Result "1-0"]
[WhiteElo "1822"]
[BlackElo "2110"]
[EventDate "2009.03.08"]
[PlyCount "117"]

1.e4 d5 2.exd5 Qxd5 3.d4 Nc6 4.Nf3 Bg4 5.Be2 O-O-O 6.Be3 Nf6 7.Nbd2 e6 8.
O-O h6 9.c3 g5 10.b4 Bg7 11.b5 Nb8 12.Ne5 Bxe2 13.Qxe2 Rdf8 14.a4 Nfd7 15.
c4 Qd6 16.Ne4 Qe7 17.Rad1 Qe8 18.Nxd7 Nxd7 19.d5 exd5 20.Ng3 f5 21.Nh5 Be5
22.f4 gxf4 23.Nxf4 d4 24.Bxd4 Bxd4+ 25.Rxd4 Qxe2 26.Nxe2 Rhg8 27.Ng3 Rg5 
28.Rdf4 Nc5 29.Nxf5 Rh8 30.a5 Nb3 31.a6 bxa6 32.bxa6 Nc5 33.Ra1 Nd3 34.
Rff1 Re8 35.Nxh6 Re2 36.g3 Ne5 37.Rad1 c6 38.Nf7 Nxf7 39.Rxf7 Ra5 40.Rxa7 
Raa2 41.Rh7 Rxa6 42.Rf1 Re8 43.Rf6 Kb8 44.Kf2 Ra3 45.Rxc6 Rf8+ 46.Kg2 Ra2+
47.Kh3 Rff2 48.Kg4 Rxh2 49.Rxh2 Rxh2 50.Kg5 Kb7 51.Rf6 Rc2 52.Rf4 Kc6 53.
g4 Kd7 54.Kg6 Rg2 55.Kh6 Rh2+ 56.Kg7 Ke6 57.g5 Rc2 58.Kh8 Ke5 59.Rh4 1-0

[Event "10th EUR-ch (w)"]
[Site "Sankt Petersburg RUS"]
[Date "2009.03.12"]
[Round "5"]
[White "Ikonomopoulou, Maria"]
[Black "Kiseleva, Arina"]
[Result "1/2-1/2"]
[WhiteElo "2052"]
[BlackElo "1830"]
[EventDate "2009.03.08"]
[PlyCount "56"]

1.e4 c6 2.Nf3 d5 3.exd5 cxd5 4.Ne5 a6 5.d4 Nf6 6.Bd3 e6 7.c3 Bd6 8.O-O O-O
9.Nd2 Nbd7 10.f4 Qc7 11.Rf3 b5 12.Rh3 Bb7 13.Qf3 g6 14.g4 Ne8 15.Qg3 Bxe5 
16.fxe5 f6 17.Qh4 Nxe5 18.dxe5 Qb6+ 19.Kg2 d4+ 20.Ne4 Rf7 21.Kg1 dxc3+ 22.
Be3 cxb2 23.Rf1 Qc6 24.Rhf3 Qd5 25.Bb1 Qxe5 26.Bf4 Qd4+ 27.Be3 Qe5 28.Bf4 
Qd4+ 1/2-1/2

[Event "10th EUR-ch (w)"]
[Site "Sankt Petersburg RUS"]
[Date "2009.03.12"]
[Round "5"]
[White "Grigorieva, Olga"]
[Black "Bakalarz, Grazyna"]
[Result "1-0"]
[WhiteElo "2016"]
[BlackElo "2024"]
[EventDate "2009.03.08"]
[PlyCount "105"]

1.d4 Nf6 2.c4 g6 3.f3 d5 4.cxd5 Nxd5 5.e4 Nb6 6.Nc3 Bg7 7.Be3 O-O 8.Qd2 
Nc6 9.O-O-O e5 10.d5 Nd4 11.f4 Bg4 12.Re1 c5 13.h3 Bd7 14.fxe5 Bxe5 15.Nf3
Nxf3 16.gxf3 Bg3 17.Rd1 f5 18.Bxc5 fxe4 19.fxe4 Bf4 20.Be3 Be5 21.Kb1 Rc8 
22.Bd4 Bf4 23.Qe1 Nc4 24.e5 Bf5+ 25.Bd3 Qa5 26.Bxf5 Rxf5 27.e6 Qb4 28.Qe2 
Be5 29.Ka1 Bxd4 30.Rxd4 b5 31.e7 Re8 32.d6 Re5 33.Rxc4 Qxd6 34.Re4 R8xe7 
35.Rxe5 Rxe5 36.Qd1 Qe6 37.Qd8+ Kg7 38.Qc7+ Kh6 39.Qxa7 b4 40.Nb1 Re2 41.
Qd4 Re4 42.Qd2+ Kg7 43.h4 Qg4 44.Qd8 Rd4 45.Qe7+ Kh6 46.h5 Rd7 47.hxg6+ 
Kxg6 48.Rh4 Qf5 49.Qxb4 Rd1 50.Qg4+ Qxg4 51.Rxg4+ Kh5 52.Rg7 Kh4 53.Rxh7+ 
1-0

[Event "10th EUR-ch (w)"]
[Site "Sankt Petersburg RUS"]
[Date "2009.03.12"]
[Round "5"]
[White "Efremova, Daria"]
[Black "Tskhadadze, Anna"]
[Result "1-0"]
[WhiteElo "1910"]
[BlackElo "1821"]
[EventDate "2009.03.08"]
[PlyCount "115"]

1.e4 c5 2.Nf3 d6 3.d4 cxd4 4.Nxd4 Nf6 5.Nc3 e6 6.Bg5 Be7 7.Qd2 Nc6 8.O-O-O
d5 9.exd5 Nxd5 10.Nxc6 bxc6 11.Bxe7 Qxe7 12.f4 O-O 13.Ne4 Bb7 14.Bd3 Rfd8 
15.a3 Nb6 16.Qc3 Nd5 17.Qd2 Rab8 18.Qf2 Ba8 19.Nc5 Qf6 20.c3 Nxf4 21.Be4 
Qg5 22.Kb1 Nd5 23.Ka1 Qe5 24.Rhe1 Qf6 25.Qc2 g6 26.g4 Qe7 27.Qf2 Nf6 28.
Bf3 Nd7 29.Ne4 Ne5 30.Be2 Kg7 31.g5 Rd5 32.Qf6+ Qxf6 33.Nxf6 Rdd8 34.h4 c5
35.Rf1 Rxd1+ 36.Rxd1 h5 37.Nd7 Nxd7 38.Rxd7 Bb7 39.Rc7 Bd5 40.Rxc5 Bb3 41.
Kb1 Bd5 42.b4 Be4+ 43.Kc1 Rb7 44.Kd2 f5 45.gxf6+ Kxf6 46.Ke3 Bg2 47.a4 e5 
48.a5 Kf5 49.Bd3+ Kf6 50.Be4 Bxe4 51.Kxe4 Re7 52.Rc6+ Kf7 53.c4 Kg7 54.b5 
g5 55.hxg5 h4 56.Rh6 Rc7 57.Kd5 e4 58.Rxh4 1-0

[Event "10th EUR-ch (w)"]
[Site "Sankt Petersburg RUS"]
[Date "2009.03.13"]
[Round "6"]
[White "Melia, Salome"]
[Black "Hoang Thanh Trang"]
[Result "1/2-1/2"]
[WhiteElo "2422"]
[BlackElo "2483"]
[EventDate "2009.03.08"]
[PlyCount "52"]

1.e4 e6 2.d4 d5 3.Nc3 Bb4 4.e5 c5 5.Bd2 Ne7 6.a3 Bxc3 7.Bxc3 b6 8.b4 Qc7 
9.Qd2 cxd4 10.Bxd4 Nbc6 11.Qc3 Nf5 12.Bb5 Nxd4 13.Qxd4 Bd7 14.Bxc6 Qxc6 
15.c3 a5 16.Ne2 axb4 17.cxb4 Qb5 18.h4 O-O 19.Rh3 Rfc8 20.Rc1 Rxc1+ 21.
Nxc1 Qa6 22.Ne2 Bb5 23.Nf4 Rc8 24.Rc3 Rc4 25.Rxc4 Bxc4 26.Qe3 h6 1/2-1/2

[Event "10th EUR-ch (w)"]
[Site "Sankt Petersburg RUS"]
[Date "2009.03.13"]
[Round "6"]
[White "Mkrtchian, Lilit"]
[Black "Socko, Monika"]
[Result "1-0"]
[WhiteElo "2460"]
[BlackElo "2449"]
[EventDate "2009.03.08"]
[PlyCount "109"]

1.c4 Nf6 2.Nc3 e5 3.Nf3 Nc6 4.g3 Bb4 5.Bg2 O-O 6.O-O e4 7.Ng5 Bxc3 8.bxc3 
Qe7 9.d3 exd3 10.exd3 h6 11.Re1 Qd8 12.Ne4 Nxe4 13.Bxe4 Qf6 14.d4 d6 15.
Rb1 Re8 16.Bh7+ Kf8 17.Rxe8+ Kxe8 18.Be4 Kf8 19.Be3 a5 20.Qh5 Ne7 21.Bxb7 
Rb8 22.Be4 Rxb1+ 23.Bxb1 Bb7 24.Bd3 a4 25.a3 d5 26.c5 Ba6 27.Bc2 Qc6 28.
Bf4 Ng6 29.Bc1 Qe6 30.Be3 Bb5 31.Qf5 Ke7 32.Qxe6+ Kxe6 33.f3 f5 34.g4 Nh4 
35.Kf2 g5 36.f4 Kf6 37.h3 Bd7 38.Kg3 Bb5 39.Bd2 Kg6 40.Bc1 Kf6 41.Bd2 c6 
42.Bc1 fxg4 43.Kxg4 Be2+ 44.Kg3 Bb5 45.fxg5+ hxg5 46.Bd1 Kf5 47.Bc2+ Kf6 
48.c4 Bxc4 49.Bxa4 Bf1 50.Bxc6 Nf5+ 51.Kf2 Bxh3 52.Bxd5 Nxd4 53.Bb2 Ke5 
54.Ba8 g4 55.Ke3 1-0

[Event "10th EUR-ch (w)"]
[Site "Sankt Petersburg RUS"]
[Date "2009.03.13"]
[Round "6"]
[White "Arakhamia-Grant, Ketevan"]
[Black "Khurtsidze, Nino"]
[Result "0-1"]
[WhiteElo "2500"]
[BlackElo "2421"]
[EventDate "2009.03.08"]
[PlyCount "98"]

1.e4 c5 2.Nf3 Nc6 3.d4 cxd4 4.Nxd4 Qb6 5.Nb3 Nf6 6.Nc3 e6 7.Qe2 d6 8.g4 h6
9.Be3 Qc7 10.O-O-O a6 11.h4 b5 12.Bg2 Bb7 13.g5 Nd7 14.f4 Be7 15.Kb1 O-O-O
16.a4 b4 17.Na2 Kb8 18.Nd4 Nxd4 19.Bxd4 e5 20.Be3 exf4 21.Bd4 hxg5 22.Nxb4
Qa5 23.Bc3 Qxa4 24.e5 Qb5 25.Qxb5 axb5 26.Bxb7 Kxb7 27.Nd5 Bf8 28.exd6 
Rxh4 29.Rhg1 f6 30.Ne7 f3 31.Rdf1 Bxe7 32.dxe7 Re8 33.Rxf3 Rxe7 34.Rf5 Kc6
35.Rd1 b4 36.Bd4 Rhe4 37.Ka2 Ne5 38.Kb3 Rd7 39.c3 bxc3 40.bxc3 Rf4 41.Rxf4
gxf4 42.Rf1 g5 43.Rh1 Kd5 44.Kc2 Ke4 45.Rh6 Ng4 46.Rg6 f3 47.Kd2 Kf5 48.
Rg8 f2 49.Ke2 Re7+ 0-1

[Event "10th EUR-ch (w)"]
[Site "Sankt Petersburg RUS"]
[Date "2009.03.13"]
[Round "6"]
[White "Pogonina, Natalia"]
[Black "Demina, Yulia"]
[Result "1-0"]
[WhiteElo "2467"]
[BlackElo "2361"]
[EventDate "2009.03.08"]
[PlyCount "115"]

1.e4 c5 2.Nf3 d6 3.d4 cxd4 4.Nxd4 Nf6 5.Nc3 a6 6.Be2 e5 7.Nb3 Be7 8.O-O 
O-O 9.Re1 h6 10.Bf3 Nh7 11.Nd2 Ng5 12.Bg4 Nc6 13.Bxc8 Rxc8 14.Nf1 Nd4 15.
Ne3 Qd7 16.Ncd5 Bd8 17.f3 Nde6 18.c3 Kh8 19.Ng4 f5 20.exf5 Rxf5 21.Bxg5 
Nxg5 22.Kh1 Rf8 23.Qe2 Qf7 24.Rad1 Ne6 25.Rf1 Bg5 26.Nf2 Rcd8 27.Ne4 Be7 
28.Qd2 Bg5 29.Qc2 b5 30.a4 Qb7 31.axb5 axb5 32.Qb3 Nc5 33.Qb4 Nxe4 34.Qxe4
Qf7 35.Qb4 Qd7 36.Ra1 Qc6 37.Qe4 Ra8 38.Rad1 Ra2 39.Qb1 Ra7 40.Nb4 Qb6 41.
Qd3 Rd8 42.Qe2 Rc8 43.Rd3 Rc5 44.Rfd1 Rd7 45.Qe4 Rc8 46.Qe2 Rc5 47.g3 Qb7 
48.Rxd6 Rxd6 49.Rxd6 Be7 50.Rd3 Qa8 51.Kg2 Bf6 52.Rd1 Be7 53.Nd3 Rc7 54.
Nxe5 Qb7 55.Ng6+ Kg8 56.Qe6+ Kh7 57.Qf5 Bf6 58.Ne7+ 1-0

[Event "10th EUR-ch (w)"]
[Site "Sankt Petersburg RUS"]
[Date "2009.03.13"]
[Round "6"]
[White "Cherednichenko, Svetlana"]
[Black "Dzagnidze, Nana"]
[Result "0-1"]
[WhiteElo "2367"]
[BlackElo "2518"]
[EventDate "2009.03.08"]
[PlyCount "118"]

1.d4 Nf6 2.Nf3 e6 3.e3 b6 4.Bd3 Bb7 5.Nbd2 c5 6.O-O Be7 7.b3 cxd4 8.exd4 
Nc6 9.Bb2 Nb4 10.Be2 O-O 11.c4 d5 12.Ne5 Rc8 13.f4 dxc4 14.bxc4 b5 15.a3 
bxc4 16.Ndxc4 Nbd5 17.Bd3 Nb6 18.Nxb6 Qxb6 19.Qe2 g6 20.Rae1 Bd5 21.g4 Bd6
22.Rf2 Rfe8 23.f5 exf5 24.gxf5 Bf8 25.fxg6 hxg6 26.Qd2 Bg7 27.Ref1 Ne4 28.
Bxe4 Bxe4 29.Qf4 f5 30.Qg5 Re6 31.Ba1 Bd5 32.Qg3 Qb3 33.Qxb3 Bxb3 34.h4 
Bh6 35.Rg2 Be3+ 36.Kh2 Bd5 37.Re2 f4 38.Kh3 Rb6 39.Kg4 Be6+ 40.Kf3 Rb3 41.
Nxg6 Kh7 42.Ne5 Bd5+ 43.Kg4 Rg8+ 44.Kf5 Rf8+ 45.Kg4 Bxd4 46.Nf3 Rxf3 47.
Rxf3 Bxf3+ 48.Kxf3 Bxa1 49.Re7+ Kg6 50.Rxa7 Kf5 51.a4 Rh8 52.a5 Rxh4 53.
Rf7+ Bf6 54.a6 Rh3+ 55.Kg2 Ra3 56.a7 Ke6 57.Rb7 Bd4 58.a8=Q Rxa8 59.Kf3 
Be5 0-1

[Event "10th EUR-ch (w)"]
[Site "Sankt Petersburg RUS"]
[Date "2009.03.13"]
[Round "6"]
[White "Romanko, Marina"]
[Black "Vasilevich, Irina"]
[Result "1-0"]
[WhiteElo "2451"]
[BlackElo "2340"]
[EventDate "2009.03.08"]
[PlyCount "47"]

1.d4 e6 2.c4 Bb4+ 3.Nc3 b6 4.Qc2 c5 5.d5 Nf6 6.Bd2 O-O 7.O-O-O b5 8.Nxb5 
exd5 9.Bf4 Bb7 10.Nc7 dxc4 11.f3 Na6 12.Nxa8 Nd5 13.Qxc4 Qxa8 14.Rxd5 Bxd5
15.Qxa6 Bb7 16.Qa4 d5 17.e3 d4 18.Bc4 dxe3 19.Bxe3 Re8 20.Qb3 Re7 21.Nh3 
Bxf3 22.gxf3 Qxf3 23.Rd1 h6 24.Bf4 1-0

[Event "10th EUR-ch (w)"]
[Site "Sankt Petersburg RUS"]
[Date "2009.03.13"]
[Round "6"]
[White "Lomineishvili, Maia"]
[Black "Shumiakina, Tatiana"]
[Result "1/2-1/2"]
[WhiteElo "2437"]
[BlackElo "2324"]
[EventDate "2009.03.08"]
[PlyCount "53"]

1.d4 d5 2.c4 dxc4 3.Nf3 Nf6 4.e3 e6 5.Bxc4 c5 6.O-O a6 7.Bd3 Nbd7 8.Re1 b5
9.a4 bxa4 10.e4 cxd4 11.e5 Nd5 12.Rxa4 Bb4 13.Bd2 Bxd2 14.Nbxd2 Nc5 15.
Rxd4 Nxd3 16.Rxd3 O-O 17.Ne4 a5 18.Nd4 Nf4 19.Rd2 Qb6 20.Qf3 Ng6 21.Nd6 
Ra7 22.N4b5 Re7 23.Qe3 Qxe3 24.Rxe3 Ba6 25.Rc2 Bxb5 26.Nxb5 Rd7 27.Nc3 
1/2-1/2

[Event "10th EUR-ch (w)"]
[Site "Sankt Petersburg RUS"]
[Date "2009.03.13"]
[Round "6"]
[White "Khukhashvili, Sopiko"]
[Black "Ilyushina, Olga"]
[Result "1-0"]
[WhiteElo "2416"]
[BlackElo "2269"]
[EventDate "2009.03.08"]
[PlyCount "75"]

1.e4 c5 2.Nf3 Nc6 3.d4 cxd4 4.Nxd4 Nf6 5.Nc3 d6 6.Bg5 Qb6 7.Nb3 e6 8.Qd2 
a6 9.Bxf6 gxf6 10.O-O-O h5 11.Kb1 h4 12.f4 Bd7 13.Be2 Qf2 14.Rhf1 Qxg2 15.
Nc5 Bc8 16.N3a4 Rg8 17.Nb6 Rb8 18.Nxc8 Rxc8 19.Nxb7 Qxe4 20.Nxd6+ Bxd6 21.
Qxd6 Rd8 22.Qc7 Rd4 23.Qc8+ Nd8 24.Bxa6 Qd5 25.Rxd4 Qxd4 26.a4 Rg2 27.h3 
Rg3 28.Be2 Kf8 29.a5 e5 30.fxe5 fxe5 31.Bc4 Rg1 32.Rxg1 Qxg1+ 33.Ka2 Qd4 
34.c3 Qd1 35.Qc5+ Kg8 36.Bb3 Qe2 37.Qc8 Qd3 38.a6 1-0

[Event "10th EUR-ch (w)"]
[Site "Sankt Petersburg RUS"]
[Date "2009.03.13"]
[Round "6"]
[White "Kochetkova, Yulia"]
[Black "Bodnaruk, Anastasia"]
[Result "0-1"]
[WhiteElo "2315"]
[BlackElo "2384"]
[EventDate "2009.03.08"]
[PlyCount "66"]

1.e4 c5 2.Nf3 d6 3.d4 cxd4 4.Nxd4 Nf6 5.Nc3 a6 6.h3 e5 7.Nde2 Be7 8.g4 O-O
9.Bg2 b5 10.Ng3 b4 11.Nce2 Bb7 12.c4 Nbd7 13.O-O Nc5 14.Qc2 a5 15.b3 Ra6 
16.Bg5 Qa8 17.Nf5 Bd8 18.f3 g6 19.Nh6+ Kh8 20.Ng3 a4 21.bxa4 Ne6 22.Be3 
Rxa4 23.f4 Ra3 24.Qd2 exf4 25.Bxf4 Bb6+ 26.Kh2 Nxf4 27.Qxd6 Ng8 28.Qxb6 
Qb8 29.Nxg8 Nxg2 30.Qf2 Ne3 31.Rfe1 Nc2 32.Ne7 Qe5 33.Qxc2 Rxg3 0-1

[Event "10th EUR-ch (w)"]
[Site "Sankt Petersburg RUS"]
[Date "2009.03.13"]
[Round "6"]
[White "Tomilova, Elena"]
[Black "Gvetadze, Sopio"]
[Result "1-0"]
[WhiteElo "2300"]
[BlackElo "2377"]
[EventDate "2009.03.08"]
[PlyCount "83"]

1.e4 c5 2.Nf3 g6 3.d4 Bg7 4.Nc3 cxd4 5.Nxd4 Nc6 6.Nb3 Nf6 7.Be2 O-O 8.O-O 
a5 9.a4 d6 10.Be3 Bd7 11.f4 Rc8 12.Bf3 Nb4 13.Rf2 Be6 14.Nd4 Bc4 15.Kh1 e5
16.Ndb5 Rc6 17.Rd2 Qb8 18.Rc1 Ne8 19.Ba7 Qa8 20.Be3 Qd8 21.Qe1 Qe7 22.Qg3 
Nc7 23.Rcd1 Rd8 24.Qh3 Ne8 25.Qg3 exf4 26.Bxf4 Bxb5 27.axb5 Rxc3 28.bxc3 
Bxc3 29.Bxd6 Nxd6 30.Rxd6 Rf8 31.Rd7 Qe6 32.Bg4 Qf6 33.Be2 Be5 34.Qh3 Nxc2
35.Rf1 Qg5 36.Bc4 Nd4 37.Rdxf7 Rxf7 38.Qc8+ Kg7 39.Rxf7+ Kh6 40.Qf8+ Kh5 
41.Rxh7+ Kg4 42.Be2+ 1-0